00751nam a2200229Ia 450000500170000000800410001702000240005804000190008204100120010108200170011310000170013024500760014726000420022330000200026550400500028565000130033565100270034885000100037594200070038599900160039295201130040820220114115125.0131103s9999 xx 000 0 und d a8170369754cRs. 295 aLoreto College aEnglish a320.954bCHA aChadda, Maya aBuilding democracy in South Asiab India, Nepal, Pakistan cMaya Chadda aNew DelhibVistaar Publicationsc2000 axv,246p, 24 cm. aIncludes bibliographical references and index aPolitics aPolitics, South Asia  aLCLIB cBK c2355d52834 00102ddc4070aMAINbMAINd2013-11-04l1o320.954 CHA 42710pB1232r2021-11-22s2021-11-22w2013-11-04yBK